Заслон: роман, повесть

গ্রন্থ-পঞ্জীর বিবরন
প্রধান লেখক: Беляев А. П. Александр Павлович
অন্যান্য লেখক: Корольков В. (иллюстратор)
ভাষা:রুশ
প্রকাশিত: Москва, Московский рабочий, 1986
বিষয়গুলি:
বিন্যাস: গ্রন্থ
KOHA link:https://koha.lib.tpu.ru/cgi-bin/koha/opac-detail.pl?biblionumber=133183

MARC

LEADER 00000nam0a2200000 4500
001 133183
005 20231031135235.0
035 |a (RuTPU)RU\TPU\book\144312 
090 |a 133183 
100 |a 20080313d1986 m y0rusy50 ca 
101 0 |a rus 
102 |a RU 
105 |a a z 000ay 
200 1 |a Заслон  |e роман, повесть  |f А. П. Беляев  |g худож. В. Корольков 
210 |a Москва  |c Московский рабочий  |d 1986 
215 |a 527 с.  |c ил. 
610 1 |a советская литература 
610 1 |a романы 
610 1 |a повести 
675 |a Р2  |v 3 
700 1 |a Беляев  |b А. П.  |g Александр Павлович 
702 1 |a Корольков  |b В.  |4 440 
801 1 |a RU  |b 63413507  |c 20080313  |g PSBO 
942 |c BK